000 00925nam a2200265Ia 4500
003 OSt
005 20220925203418.0
006 a|||||r|||| 00| 0
007 ta
008 220923b |||||||| |||| 00| 0 eng d
020 _a978082233772x
_c1257.71
037 _bRKBA\ 09-10\ 4682, 12/07/2012, RAJKIRAN BOOK AGENCY
_cGeneral Book
040 _aRTL
_cRTL
_beng
041 _2eng
_aeng
082 _aY9 (X991), P6
100 _aClarke Kamari Maxine
_9265901
245 0 _aGlobalization and race
_b Transformations in the cultural production of blackness
260 _aDurham
_bDuke University Press
_c2006
300 _aix, 407p.
_ccm.
500 _aBib. p.355-389
650 _aSociology
700 _a Thomas Deborah A.
_913023
942 _hY9 (X991), P6
_cGB
_2CC
999 _c546305
_d546305